| 000 | 00698nam a2200193Ia 4500 | ||
|---|---|---|---|
| 003 | GCL | ||
| 008 | 140319s9999 xx 000 0 ara d | ||
| 040 |
_aGCL / _cGCL |
||
| 082 | 0 | 4 |
_aد _b050 |
| 100 | 1 | _aمورينو , سيزادفرناندث | |
| 245 | 1 | 0 |
_aادب امريكا اللاتينية : قضايا ومشكلات (القسم الثانى) (عالم المعرفة 102) / _cمورينو , سيزادفرناندث |
| 700 | 1 | _aاحمد حسان عبدالواحد | |
| 300 | _a423 ص | ||
| 490 |
_aعالم المعرفة _v0 |
||
| 650 | 0 | 4 | _aالادب الامريكى |
| 650 | 0 | 4 | _aتاريخ ونقد |
| 650 | 0 | 4 | _aالادب الامريكى المترجم |
| 942 |
_2ddc _cBK |
||
| 999 |
_c44724 _d44724 |
||